01564nab a22002897a 4500999001500000003000400015005001700019008004100036040000700077100003100084245011800115260007300233300001500306500003800321505018000359505029800539505008200837650002300919650002400942650003500966650003101001650002201032650002701054650002501081773015501106942001301261 c5559d5559OSt20251218081406.0190429b xxu||||| |||| 00| 0 spa d cPJ 96103aBaqué, Santiago P.13aLa víctima frente a una verdad consensuada. Ideas y consecuencias del fallo Jaureguiber /cSantiago P. Baqué. cCiudad Autónoma de Buenos Aires :aThomson Reuters La Ley, b2025. ap. 111-119 aCita: TR LALEY AR/DOC/407/2025.  aSumario: I. Introducción.— II. Fundamentos de legitimación procesal.— III. Fundamentos desde las bases del derecho penal.— IV. Una decisión de política procesal. aFallo comentado: SC Buenos Aires ~ 03/06/2024 ~ Sobrino, Marcelo Alberto, Fiscal General del Departamento Judicial de Azul s/ recurso extraordinario de inaplicabilidad de ley en causa N.º 45.415 de la Cámara de Apelación y Garantías en lo Penal de Azul, seguida a Jaureguiber, Luciano. tSi te interesa el texto completo, solicitalo a koha@justierradelfuego.gov.ar  09343aDERECHO PENAL 092348aPROCESO PENAL 094885aDERECHOS DE LA VÍCTIMA 093047aVÍCTIMA DEL DELITO 092676aJUICIO ORAL 093088aJUICIO ABREVIADO 092678aACCIÓN PENAL0 0265893164tRevista de derecho penal y criminología. Nº 3 - Abril 2025dCiudad Autónoma de Buenos Aires : Thomson Reuters La Ley, 2017-x00347914 2udccANA